[Event "HZ Chess Tournament 2019"]
[Site "Vlissingen"]
[Date "2019.08.06"]
[Round "5.36"]
[White "De Wolf, Johan"]
[Black "Kunnavakkam, Sudarshanagop"]
[Result "1/2-1/2"]
[WhiteElo "2075"]
[BlackElo "1744"]
[PlyCount "110"]
[EventCountry "NED"]

1. d4 c5 2. e3 cxd4 3. exd4 Nf6 4. Nf3 e6 5. Bd3 Be7 6. O-O O-O 7. Re1 d5 8.
Nbd2 Nbd7 9. c3 Re8 10. Nf1 h6 11. Ng3 Bd6 12. Ne5 Bxe5 13. dxe5 Nh7 14. Nh5 f5
15. exf6 Ndxf6 16. Bf4 Rf8 17. Be5 Kh8 18. Nf4 Kg8 19. Ng6 Re8 20. Bd4 Nf8 21.
Ne5 N8d7 22. f4 Nxe5 23. Bxe5 Rf8 24. Re3 Bd7 25. Qe2 Bc6 26. Rg3 a6 27. Bd4
Qd7 28. Qe5 Bb5 29. Bc2 Rac8 30. Re1 Rc7 31. Qxe6+ Qxe6 32. Rxe6 Nh5 33. Be5
Nxg3 34. Bxc7 Ne2+ 35. Kf2 Nxf4 36. Bxf4 Rxf4+ 37. Ke3 Rf1 38. Re5 Rg1 39. Kf2
Rc1 40. Bb3 Bc4 41. Bxc4 dxc4 42. Re2 Rd1 43. Ke3 Kf7 44. Ke4 Ke6 45. b3 cxb3
46. axb3 Rd5 47. Kf4+ Kf6 48. Rc2 Rf5+ 49. Ke4 Ke6 50. b4 Re5+ 51. Kd4 Kd6 52.
c4 Rg5 53. h3 Rf5 54. Rd2 Ke6 55. Re2+ Kd6 1/2-1/2

[Event "HZ Chess Tournament 2019"]
[Site "Vlissingen"]
[Date "2019.08.06"]
[Round "5.37"]
[White "Steijn, Sjaak"]
[Black "Rosmuller, Anton"]
[Result "0-1"]
[WhiteElo "1734"]
[BlackElo "2073"]
[PlyCount "66"]
[EventCountry "NED"]

1. d4 g6 2. c4 Bg7 3. Nc3 f5 4. Bg5 Nc6 5. e3 Nf6 6. h4 h6 7. Bxf6 Bxf6 8. Nh3
e5 9. d5 Nb8 10. g4 d6 11. gxf5 gxf5 12. Qh5+ Ke7 13. Rg1 Qe8 14. Qd1 Bxh4 15.
c5 Bf6 16. cxd6+ cxd6 17. Qc2 Bd7 18. O-O-O Na6 19. a3 Rc8 20. Kb1 b5 21. Qb3
Nc5 22. Qb4 a6 23. f3 Qd8 24. Na2 a5 25. Qd2 Rb8 26. b4 axb4 27. Nxb4 Qb6 28.
Nf2 Ra8 29. Ka2 e4 30. fxe4 Rxa3+ 31. Kb1 Qa7 32. Nfd3 Ra1+ 33. Kc2 Qa4# 0-1

[Event "HZ Chess Tournament 2019"]
[Site "Vlissingen"]
[Date "2019.08.06"]
[Round "5.38"]
[White "Kraemer, Max"]
[Black "Van Sonderen, Paul"]
[Result "1-0"]
[WhiteElo "2041"]
[BlackElo "1740"]
[PlyCount "67"]
[EventCountry "NED"]

1. d4 Nf6 2. Nc3 d5 3. Bf4 c6 4. Qd2 Bf5 5. f3 e6 6. g4 Nxg4 7. fxg4 Qh4+ 8.
Bg3 Qxg4 9. Bh3 Qg6 10. Bxf5 exf5 11. O-O-O Nd7 12. Nf3 Nf6 13. Qe3+ Ne4 14.
Nxe4 dxe4 15. Ne5 Qe6 16. Qb3 Qxb3 17. axb3 g5 18. d5 c5 19. d6 Bg7 20. Rd5 f4
21. Be1 f6 22. Nc4 b6 23. b4 cxb4 24. Bxb4 Kd7 25. Rhd1 g4 26. R1d4 Rae8 27. e3
h5 28. Rf5 g3 29. Rxf4 b5 30. hxg3 bxc4 31. Rxc4 Bh6 32. Rc7+ Kd8 33. Ba5 Re5
34. Rh7+ 1-0

[Event "HZ Chess Tournament 2019"]
[Site "Vlissingen"]
[Date "2019.08.06"]
[Round "5.39"]
[White "Skutta, Bernd"]
[Black "De Feijter, Niels"]
[Result "1/2-1/2"]
[WhiteElo "2007"]
[BlackElo "1733"]
[PlyCount "60"]
[EventCountry "NED"]

1. d4 c6 2. Nf3 d5 3. g3 Nf6 4. Bg2 Bg4 5. O-O e6 6. c4 dxc4 7. Ne5 Bf5 8. Nc3
Nbd7 9. Nxc4 Be7 10. e4 Bg6 11. d5 Nb6 12. Nxb6 axb6 13. dxe6 fxe6 14. Qb3 e5
15. Rd1 Qc7 16. Be3 b5 17. Rac1 Bf7 18. Nd5 Qb8 19. Qd3 Be6 20. Nxe7 Kxe7 21.
Bc5+ Kf7 22. Bd6 Qa7 23. a3 Rhd8 24. Qc3 Qa4 25. Qxe5 Rd7 26. Qg5 Nxe4 27. Qh5+
Kg8 28. Qe5 Rxd6 29. Re1 Rad8 30. Rxe4 Bd5 1/2-1/2

[Event "HZ Chess Tournament 2019"]
[Site "Vlissingen"]
[Date "2019.08.06"]
[Round "5.40"]
[White "Alberts, Henk"]
[Black "Galle, Andre"]
[Result "1/2-1/2"]
[WhiteElo "1702"]
[BlackElo "1983"]
[PlyCount "43"]
[EventCountry "NED"]

1. Nf3 Nf6 2. g3 b6 3. Bg2 Bb7 4. O-O c5 5. c4 e6 6. Nc3 d6 7. d3 Be7 8. e4
Nbd7 9. b3 O-O 10. Re1 a6 11. Bb2 Qc7 12. Nh4 Rfe8 13. f4 g6 14. Qe2 Bf8 15. h3
Bg7 16. Nf3 Rad8 17. g4 Re7 18. Rad1 Rf8 19. Qf2 h6 20. Qh4 Qd8 21. Rd2 Rfe8
22. Nd1 1/2-1/2

[Event "HZ Chess Tournament 2019"]
[Site "Vlissingen"]
[Date "2019.08.06"]
[Round "5.41"]
[White "Le Clercq, Maxim"]
[Black "Van de Laar, Andre"]
[Result "1-0"]
[WhiteElo "1970"]
[BlackElo "1699"]
[PlyCount "33"]
[EventCountry "NED"]

1. e4 c5 2. Nf3 a6 3. c3 d6 4. d4 cxd4 5. cxd4 Nf6 6. Nc3 g6 7. a4 Bg7 8. Be2
O-O 9. O-O e6 10. Qb3 Nc6 11. Rd1 d5 12. Bg5 h6 13. Bxf6 Bxf6 14. exd5 exd5 15.
Nxd5 Be6 16. Nxf6+ Qxf6 17. d5 1-0

[Event "HZ Chess Tournament 2019"]
[Site "Vlissingen"]
[Date "2019.08.06"]
[Round "5.42"]
[White "Van Rij, Gert"]
[Black "Muenk, Johannes"]
[Result "1/2-1/2"]
[WhiteElo "1960"]
[BlackElo "1697"]
[PlyCount "72"]
[EventCountry "NED"]

1. d4 Nf6 2. c4 g6 3. Nc3 d5 4. cxd5 Nxd5 5. e4 Nxc3 6. bxc3 Bg7 7. Bg5 c5 8.
Rc1 O-O 9. Nf3 Bg4 10. d5 f5 11. Qb3 Kh8 12. Nd2 fxe4 13. Qxb7 Nd7 14. h3 Rb8
15. Qa6 Bf5 16. g4 Ne5 17. gxf5 Rxf5 18. Be3 Rb2 19. c4 e6 20. Qxe6 Rxd2 21.
Kxd2 Qa5+ 22. Kd1 Qxa2 23. Be2 Qb3+ 24. Kd2 Nf3+ 25. Bxf3 Qd3+ 26. Ke1 exf3 27.
Bd2 Re5+ 28. Qxe5 Bxe5 29. Kd1 Qe2+ 30. Kc2 Qxc4+ 31. Kd1 Qe2+ 32. Kc2 Qxf2 33.
Rhe1 Qd4 34. Rxe5 Qa4+ 35. Kb2 Qb5+ 36. Kc2 Qa4+ 1/2-1/2

[Event "HZ Chess Tournament 2019"]
[Site "Vlissingen"]
[Date "2019.08.06"]
[Round "5.43"]
[White "Kogeler, Aart"]
[Black "Verbruggen, Samuel"]
[Result "0-1"]
[WhiteElo "1690"]
[BlackElo "1960"]
[PlyCount "62"]
[EventCountry "NED"]

1. d4 Nf6 2. c4 e6 3. Nc3 Bb4 4. e3 d5 5. Nf3 O-O 6. Bd3 dxc4 7. Bxc4 b6 8. O-O
Bb7 9. a3 Bxc3 10. bxc3 Nbd7 11. Be2 c5 12. Bb2 Qc7 13. c4 Rfd8 14. Qc2 Rac8
15. a4 cxd4 16. exd4 Nd5 17. Rfc1 Nf4 18. Ra3 Nf6 19. Bf1 Ng4 20. Ne5 Nf6 21.
Qc3 Be4 22. Qe3 Ng6 23. f3 Bb7 24. Bd3 Qe7 25. Nxg6 hxg6 26. d5 Qb4 27. Bxf6
gxf6 28. Bxg6 fxg6 29. Qxe6+ Kg7 30. Re3 Rc7 31. Re4 Bxd5 0-1

[Event "HZ Chess Tournament 2019"]
[Site "Vlissingen"]
[Date "2019.08.06"]
[Round "5.44"]
[White "Roeth, Alexander"]
[Black "Oostvogels, Niek"]
[Result "0-1"]
[WhiteElo "1680"]
[BlackElo "1929"]
[PlyCount "54"]
[EventCountry "NED"]

1. d4 d5 2. Bf4 Nf6 3. e3 c5 4. c3 Nc6 5. Nd2 cxd4 6. exd4 Bf5 7. Qb3 Qc8 8.
Ngf3 e6 9. Be2 Be7 10. O-O O-O 11. Nh4 Be4 12. Nxe4 dxe4 13. g3 a6 14. Ng2 Qd7
15. Rad1 Rfc8 16. Bc1 Na5 17. Qc2 b5 18. b3 Bb4 19. Bb2 Bxc3 20. Bxc3 Nd5 21.
Rc1 Nxc3 22. Qd3 Nxe2+ 23. Qxe2 Qxd4 24. Rcd1 Qb4 25. Qe3 Nc6 26. Rd7 Ne5 27.
a3 Qxa3 0-1

[Event "HZ Chess Tournament 2019"]
[Site "Vlissingen"]
[Date "2019.08.06"]
[Round "5.45"]
[White "Brandstaetter, Mark Pieter"]
[Black "Welten, Hans"]
[Result "1-0"]
[WhiteElo "1652"]
[BlackElo "1887"]
[PlyCount "113"]
[EventCountry "NED"]

1. e4 c5 2. b3 e6 3. Bb2 Nf6 4. e5 Nd5 5. Nc3 Nxc3 6. Bxc3 Nc6 7. Nf3 b6 8. Bd3
Bb7 9. Qe2 Be7 10. a4 a6 11. O-O-O Qc7 12. Kb1 h6 13. Kb2 Nb4 14. Bxb4 cxb4 15.
h4 d5 16. exd6 Bf6+ 17. Kb1 Qxd6 18. Be4 Bxe4 19. Qxe4 O-O 20. g4 g6 21. g5 Bg7
22. gxh6 Bxh6 23. h5 Qf4 24. Qxf4 Bxf4 25. Rdg1 Kg7 26. Rg4 e5 27. Rhg1 g5 28.
Nxg5 Bxg5 29. Rxg5+ Kf6 30. R5g4 a5 31. Rc4 Rh8 32. h6 Kf5 33. Rc6 Rae8 34.
Rxb6 Re6 35. Rxe6 Kxe6 36. Rh1 Kf5 37. Kc1 Kf4 38. Kd1 Kf3 39. Rh2 Rh7 40. Ke1
f5 41. c3 e4 42. cxb4 axb4 43. a5 f4 44. a6 Rc7 45. Kd1 Rh7 46. a7 Rxa7 47. h7
Ra1+ 48. Kc2 Ra2+ 49. Kb1 Ra8 50. h8=Q Rxh8 51. Rxh8 Kxf2 52. Rb8 e3 53. dxe3
fxe3 54. Rxb4 e2 55. Re4 e1=Q+ 56. Rxe1 Kxe1 57. b4 1-0

[Event "HZ Chess Tournament 2019"]
[Site "Vlissingen"]
[Date "2019.08.06"]
[Round "5.46"]
[White "Dittmar, Lars"]
[Black "Bartels, Simon"]
[Result "1-0"]
[WhiteElo "1882"]
[BlackElo "1686"]
[PlyCount "55"]
[EventCountry "NED"]

1. e4 e5 2. Nf3 Nf6 3. Nc3 Nc6 4. Bb5 Nd4 5. Ba4 Bc5 6. O-O Nxf3+ 7. Qxf3 O-O
8. d3 h6 9. Qg3 Kh8 10. Qxe5 d6 11. Qg3 c6 12. Be3 Bxe3 13. Qxe3 Ng4 14. Qg3 f5
15. exf5 Bxf5 16. Rae1 Rf6 17. Ne4 Rg6 18. Qf4 Qd7 19. f3 Nf6 20. Qxd6 Qf7 21.
Bb3 Nd5 22. Qe5 Re8 23. Nd6 Rxg2+ 24. Kxg2 Qg6+ 25. Qg3 Nf4+ 26. Kh1 Rxe1 27.
Rxe1 Qxd6 28. Re8+ 1-0

[Event "HZ Chess Tournament 2019"]
[Site "Vlissingen"]
[Date "2019.08.06"]
[Round "5.47"]
[White "Schlaebitz, Joel"]
[Black "Snijders, Frans"]
[Result "0-1"]
[WhiteElo "1670"]
[BlackElo "1876"]
[PlyCount "67"]
[EventCountry "NED"]

1. d4 f5 2. c4 Nf6 3. g3 g6 4. Bg2 d6 5. Nf3 Bg7 6. O-O O-O 7. Nc3 Nc6 8. d5
Ne5 9. Nd2 a6 10. f4 Nf7 11. a4 Bd7 12. Re1 c6 13. Qb3 Rb8 14. Nf3 e5 15. dxe6
Bxe6 16. Nd4 Bd7 17. Be3 Ng4 18. Nc2 Nxe3 19. Nxe3 Bd4 20. Ncd1 Re8 21. Kh1 Qa5
22. Nc2 c5 23. Nc3 Bxc3 24. Qxc3 Qxc3 25. bxc3 Bc6 26. Bd5 Re7 27. Kg1 Rbe8 28.
Kf2 Kg7 29. e3 Nh6 30. h3 Ng8 31. Bxc6 bxc6 32. Red1 Nf6 33. Kf3 Ne4 34. Rdb1
0-1

[Event "HZ Chess Tournament 2019"]
[Site "Vlissingen"]
[Date "2019.08.06"]
[Round "5.48"]
[White "Leentjens, Gilbert"]
[Black "Rutte, Edwin"]
[Result "1-0"]
[WhiteElo "1869"]
[BlackElo "1663"]
[PlyCount "79"]
[EventCountry "NED"]

1. e4 e5 2. Nc3 Nf6 3. Bc4 Bc5 4. d3 h6 5. f4 d6 6. f5 Nc6 7. Nf3 Qe7 8. a3 Bd7
9. Bd2 a6 10. Bd5 Bd4 11. Qe2 O-O-O 12. O-O-O Na7 13. Bb3 Bxc3 14. Bxc3 Bc6 15.
h3 Kb8 16. g4 Nh7 17. h4 f6 18. Bd5 Bxd5 19. exd5 Qf7 20. Qe4 Rc8 21. Bb4 Qd7
22. d4 Rcd8 23. dxe5 fxe5 24. g5 hxg5 25. hxg5 Qe7 26. Rxh7 Qf8 27. Rdh1 Rxh7
28. Rxh7 Nc8 29. g6 Ne7 30. Rh5 Ng8 31. Rh8 Qe7 32. Qh4 Nf6 33. Rxd8+ Qxd8 34.
Bd2 Qf8 35. c4 b6 36. Ng5 Kb7 37. Ne6 Qe7 38. Bg5 e4 39. Bxf6 gxf6 40. Qh7 1-0

[Event "HZ Chess Tournament 2019"]
[Site "Vlissingen"]
[Date "2019.08.06"]
[Round "5.49"]
[White "Minnema, Rens"]
[Black "Wagner, Margarethe"]
[Result "0-1"]
[WhiteElo "1861"]
[BlackElo "1660"]
[PlyCount "124"]
[EventCountry "NED"]

1. e4 c5 2. d4 cxd4 3. c3 dxc3 4. Nxc3 Nc6 5. Nf3 d6 6. Bc4 a6 7. O-O Nf6 8. e5
dxe5 9. Qxd8+ Nxd8 10. Nxe5 e6 11. Rd1 Be7 12. Be3 b5 13. Be2 Bb7 14. Bf3 Bxf3
15. gxf3 O-O 16. Rd3 Rc8 17. Rad1 Nc6 18. f4 Nb4 19. R3d2 Nbd5 20. Nxd5 Nxd5
21. Nd7 Rfd8 22. Nb6 Nxb6 23. Bxb6 Rxd2 24. Rxd2 Kf8 25. Kg2 Ke8 26. Ba5 Rc4
27. Kf3 Ra4 28. Bc3 Rxa2 29. Bxg7 f6 30. Re2 Kf7 31. Bh6 a5 32. f5 e5 33. Bc1
Ra4 34. Rc2 Rd4 35. Be3 Rb4 36. Bd2 Rb3+ 37. Be3 a4 38. Ke4 Rb4+ 39. Kd3 e4+
40. Kd2 Bd6 41. h3 Be5 42. Kc1 Rb3 43. Rd2 b4 44. h4 a3 45. bxa3 bxa3 46. Ra2
Bb2+ 47. Kd1 Rxe3 48. fxe3 Ke7 49. Kc2 Kd6 50. Rxb2 axb2 51. Kxb2 Ke5 52. Kc3
h5 53. Kc4 Kxf5 54. Kd4 Kg4 55. Kxe4 Kxh4 56. Kf4 Kh3 57. e4 Kg2 58. Kf5 h4 59.
Kxf6 h3 60. e5 h2 61. e6 h1=Q 62. e7 Qh5 0-1

[Event "HZ Chess Tournament 2019"]
[Site "Vlissingen"]
[Date "2019.08.06"]
[Round "5.50"]
[White "Sow, MiaoGeng Malcolm"]
[Black "Altenbernd, Dirk"]
[Result "1/2-1/2"]
[WhiteElo "1525"]
[BlackElo "1859"]
[PlyCount "32"]
[EventCountry "NED"]

1. e4 c6 2. d4 g6 3. Nc3 Bg7 4. Nf3 d5 5. exd5 cxd5 6. Bf4 Bg4 7. h3 Bxf3 8.
Qxf3 Nf6 9. O-O-O Nc6 10. Bb5 a6 11. Ba4 Rc8 12. Bxc6+ Rxc6 13. g4 h6 14. h4 e6
15. Rhe1 Kf8 16. Qg3 b5 1/2-1/2